| 000 | 00790nam a2200229 a 4500 | ||
|---|---|---|---|
| 001 | 56479 | ||
| 003 | BD-RjUL | ||
| 005 | 20211209080413.0 | ||
| 008 | 161129s1958 ii ||||| |||| 00| 0 ben d | ||
| 035 | _a(BD-RjUL) 56603 | ||
| 040 |
_aBD-RjUL _bben _cBD-RjUL |
||
| 041 | _aben | ||
| 082 |
_223 _a891.441 _bDEB 1958 |
||
| 100 |
_aদেবী, অপরাজিতা _9164225 |
||
| 245 | 1 | 0 |
_aপুরবাসিনী / _cঅপরাজিতা দেবী |
| 250 | _a২য় সং. | ||
| 260 |
_aকলিকাতা : _bগুরুদাস এ্যান্ড সন্স, _c১৯৫৮ [?] |
||
| 300 |
_a৬৭ পৃ. ; _c২১ সেমি . |
||
| 650 |
_aবাংলা কবিতা _9167980 |
||
| 650 |
_aBengali Poetry _9167981 |
||
| 942 |
_2ddc _cBK |
||
| 999 |
_c56479 _d56479 |
||